(Level 2) numbers 1 - 20 - Statistiques

Statistiques générales
  • Ce quiz a été pris 120 fois
  • Le résultat moyen est 17 sur 20
Statistiques - réponses
Number Anglais % Correct
1 {one}
94%
9 {Nine}
91%
7 {Seven}
90%
6 {six}
90%
11 {eleven}
89%
10 {ten}
89%
2 {Two}
89%
8 {eight}
87%
5 {five}
87%
4 {four}
87%
19 {Nineteen}
87%
3 {Three}
86%
14 {Fourteen}
85%
17 {Seventeen}
85%
18 {eighteen}
84%
20 {Twenty}
84%
16 {Sixteen}
82%
12 {twelve}
82%
15 {fifteen}
80%
13 {Thirteen}
73%
Aucun quiz correspondant
Distribution des résultats
% des personnes avec chaque résultat
Percentile par nombre de réponses
Votre historique - résultats
Vous n’avez pas pris ce quiz